000 00297nam a22001337a 4500
008 170529b xxu||||| |||| 00| 0 eng d
020 _a0878572600
041 _aeng
080 _a621.36
100 _a25
101 _aim
245 _aTHE PASSIVE SOLAR ENERGY BOOK
_cMAZRIA, E
942 _2udc
_cBK
999 _c14875
_d14875